Open Data Biblioteca Nacional de Portugal


República Portuguesa: Ministério da Cultura
Biblioteca Nacional de Portugal

Catálogo da BNP: acesso por Identificadores Unívocos
Registos Bibliográficos associados ao registo de autoridade

Etiqueta de registo: 00254nam 2200025 450
001 2289103
003 http://id.bnportugal.gov.pt/bib/catbnp/2289103
010 ## $a978-989-92-0482-9
021 ## $aPT$b560862/26
100 ## $a20260629d2026 d y0pory01030103ba
101 1# $apor$ceng
102 ## $aPT
105 ## $aa z 000yy
106 ## $ar
200 1# $aVinícius Jr.$e a história não oficial$fSteve George$gil. Sophie Jones$gtrad. Telmo Rodrigues
210 #9 $aCoimbra$cMinotauro,$d2026
215 ## $a128, [1] p.$cil.$d20 cm
225 2# $aAstros do futebol
304 ## $aTít. orig.: Football rising stars : Vinícius Jr.
700 #1 $aGeorge,$bSteve$32001977
702 #1 $aJones,$bSophie$4440$31950597
702 #1 $aRodrigues,$bTelmo$4730$31437846
801 #0 $aPT$bBN$gRPC
966 ## $lBN$mFGMON$x1
966 ## $lBN$mFGMON$x1
971 ## $cisantos$d20260629

OpendataBNP@bnportugal.pt | Mais informação sobre acesso aos dados BNP